00681nam a2200253Ia 4500008004000000020001800040041000800058082001600066100001600082245011700098260005200215300000800267650001300275650001100288650001300299650001300312650000900325650000800334650001300342650004500355650001200400650000900412650000600421210210b2016 xxu||||| |||| 00| 0 eng d a9789386189882 aeng a657.46 DATT aDATEY (V S) aTaxmanns indirect taxes: law and practice 2017 part 2bCentral excise/customs/FTP/CST/VAT/international taxation aNew DelhibTaxmann Publications (P.) Ltdc2016 a477 aTaxmanns ataxes: ataxation apractice apart alaw aindirect aexcise/customs/FTP/CST/VAT/international aCentral a2017 a2